000 00695nam a2200217 a 4500
001 BRCA_2244
005 20190320203728.0
008 920911s1984 sp-a---##b---#000-0#spa-#
020 _a8434544865
040 _aDLC
_cDLC
050 4 _aNA1313.G3
_b.G38 1991
245 1 0 _aGaudí
_barquitectura del futuro
_cJuan Bassegoda Nonell.
260 _aBarcelona
_bSalvat
_c1984
300 _a143 p.
_bil. a color
_c30 cm.
504 _aBibliografía: p. 144.
600 1 4 _aGaudí, Antoni
_d1852-1926
_xCrítica e interpretación.
_95621
650 1 4 _aEclecticismo en arquitectura
_zEspaña.
_95622
700 1 _aGaudí, Antoni
_d1852-1926
_95623
700 1 _aBassegoda Nonell, Juan
_96743
942 _2lcc
_cB
999 _c1994
_d1994